000
00272nam a2200121Ia 4500
008
240624s9999 xx 000 0 und d
041
_a
eng
082
_a
823 STE
100
_a
STEEL DANIELLE
245
_a
DUCHESS
260
_c
2017
_a
New York
_b
Random House
365
_c
RS
999
_c
30217
_d
30217